000 00664nam a2200241Ia 4500
003 OSt
005 20221007071251.0
006 a|||||r|||| 00| 0
007 ta
008 221006b |||||||| |||| 00| 0 eng d
024 _a24,733
037 _cTextual
040 _aFLL
_cFLL
_beng
041 _2eng
_aeng
082 _aZ3vN3, J6
100 _aPlucknett Theodore F.T.
_9684143
245 0 _aConcise history of the common law
250 _a5th
260 _aLondon
_bButterworth & Co. (Publishers) Ltd. London
_c1956
300 _axxvi,1-746p
_ccm.
942 _hZ3vN3, J6
_cTEXL
_2CC
999 _c1142892
_d1142892